| 000 | 00637nam a22002057a 4500 | ||
|---|---|---|---|
| 001 | 2774 | ||
| 003 | BD-RjUL | ||
| 005 | 20211208233621.0 | ||
| 008 | 131217s1966 uk ||||| |||| 00| 0 eng d | ||
| 035 | _a(BD-RjUL) | ||
| 040 |
_aBD-RjUL _beng _cBD-RjUL |
||
| 041 | _aeng | ||
| 082 |
_a 330.97624 _bECO |
||
| 100 |
_a Charles Philip Issawi; _98896 |
||
| 245 | _aThe economic history of the Middle East, 1800-1914 : a book of readings / | ||
| 260 |
_a Chicago, Ill., [etc.] : _bThe University of Chicago Press, _cc1966 |
||
| 300 |
_a xvi, 543 p.: _b; _c25 cm. |
||
| 700 |
_aed. and with introds. by Charles Issawi. _98897 |
||
| 942 |
_2ddc _cBK |
||
| 999 |
_c2774 _d2774 |
||